000 00702nam a22002297a 4500
003 UA-OsUOA
001 56050
007 ta
008 20080930b un ||||| |||| 00| 0 ukr d
100 _aГерасимчук З.В.
700 _aВахович І.М.
090 _a330
_bГ37
942 _cSA
040 _aUA-OsUOA
_bukr
_cUA-OsUOA
_dUA-OsUOA
245 _aРегіональна політика фінансового забезпечення сталого розвитку
300 _aС.59-73
955 _a0
041 _aukr
080 _a330
773 0 _w56045
_tРегіональна економіка
_dЛьвів
_d2008
_g2
650 7 _a330 Економіка взагалі
_2UDC
999 _c342356
_d342356